00657nam a2200181 a 450000100100000000500170001000800410002704000250006808200150009310000260010824501030013426000760023730000310031350000620034470000260040670000210043270000220045300002650220200930030245.0110322s1999 dr c 000 0 spa d aDO-SdBNPbspacBNPHU axxxbH557o1 aHernández, Cristina10aOrganizaciones comunitarias y democracia /cCristina Hernández, Fausto Pimentel, Mayra, Tavarez. a[s.l.] :bGrupo de Investigación para la Acción Comunitaria,c1999. a120 p. :bretrs. ;c21 cm. aIncluye datos biográficos de los autores en las solapas1 aHernández, Cristina1 aPimentel, Fausto1 aTaveras H., Mayra